¿Qué es un acto de habla? / (Record no. 140525)

MARC details
000 -LEADER
campo de control de longitud fija 00562nam a2200169 4500
001 - NÚMERO DE CONTROL
campo de control 140525
003 - IDENTIFICADOR DE NÚMERO DE CONTROL
campo de control ES-MaACL
005 - FECHA Y HORA DE LA ÚLTIMA TRANSACCIÓN
campo de control 20230906200110.0
007 - CAMPO FIJO DE DESCRIPCIÓN FÍSICA--INFORMACIÓN GENERAL
campo de control de longitud fija t|
008 - DATOS DE LONGITUD FIJA--INFORMACIÓN GENERAL
campo de control de longitud fija 070214s1977 sp r ||||1| spa d
100 1# - ENTRADA PRINCIPAL--NOMBRE DE PERSONA
Nombre de persona Searle, J. R.
9 (RLIN) 104989
245 11 - MENCIÓN DEL TÍTULO
Título ¿Qué es un acto de habla? /
Mención de responsabilidad, etc. J. R. Searle ; presentación, versión y selección bibliográfica de Luis M. Valdés Villanueva.
260 ## - PUBLICACIÓN, DISTRIBUCIÓN, ETC.
Lugar de publicación, distribución, etc. Valencia :
Nombre del editor, distribuidor, etc. Revista Teorema,
Fecha de publicación, distribución, etc. 1977.
300 ## - DESCRIPCIÓN FÍSICA
Extensión 45 p. ;
Dimensiones 22 cm.
700 1# - ENTRADA AGREGADA--NOMBRE PERSONAL
Nombre de persona Valdés Villanueva, Luis M.
9 (RLIN) 112536
852 ## - LOCALIZACIÓN
Ubicación ES-MaACL
Número de control de estantería 2105-F-1
Sublocalización o colección R.96787
Holdings
Estatus retirado Estado de pérdida Estado de daño No para préstamo Colección Biblioteca de origen Biblioteca actual Ubicación en estantería Fecha de adquisición Fuente de adquisición Total de préstamos Signatura topográfica completa Código de barras Visto por última vez Precio de reemplazo Tipo de ítem Koha
        Colección de folletos Biblioteca del Ateneo de Madrid Biblioteca del Ateneo de Madrid Depósito folletos 17/01/2008     2105-F-1 1146234 23/02/2023 23/02/2023 Folleto